Every Tube Station Song (Jay Foreman) - Statistics

General Stats
  • This quiz has been taken 57 times
  • The average score is 133 of 267
Answer Stats
Answer % Correct
Elephant & Castle
74%
Amersham
70%
Edgware
70%
Hornchurch
70%
Ickenham
70%
Morden
70%
Paddington
70%
Cockfosters
67%
Hainault
67%
Ravenscourt Park
67%
Barking
63%
Bromley-By-Bow
63%
Charing Cross
63%
Chorleywood
63%
Dagenham Heathway
63%
Eastcote
63%
East Finchley
63%
Fairlop
63%
Kennington
63%
Leyton
63%
Liverpool Street
63%
Maida Vale
63%
Marylebone
63%
Mile End
63%
Monument
63%
Oxford Circus
63%
Pimlico
63%
Plaistow
63%
Richmond
63%
West Acton
63%
Aldgate
59%
Alperton
59%
Baker Street
59%
Barbican
59%
Barkingside
59%
Becontree
59%
Brixton
59%
Croxley
59%
Ealing Broadway
59%
East Acton
59%
Epping
59%
Hammersmith
59%
Kenton
59%
Lambeth North
59%
Lancaster Gate
59%
Leytonstone
59%
Loughton
59%
Northwood
59%
Notting Hill Gate
59%
Queen's Park
59%
Royal Oak
59%
Sloane Square
59%
Stonebridge Park
59%
Waterloo
59%
Watford
59%
Woodford
59%
Arsenal
56%
Brent Cross
56%
Burnt Oak
56%
Caledonian Road
56%
Canada Water
56%
Chesham
56%
Colindale
56%
Colliers Wood
56%
Debden
56%
Edgware Road
56%
Farringdon
56%
Gunnersbury
56%
Hounslow East
56%
Hounslow West
56%
Kew Gardens
56%
Kilburn
56%
Kilburn Park
56%
Kingsbury
56%
King's Cross St. Pancras
56%
London Bridge
56%
Mornington Crescent
56%
Neasden
56%
Oakwood
56%
Oval
56%
Park Royal
56%
Piccadilly Circus
56%
Queensbury
56%
Queensway
56%
Ruislip
56%
Seven Sisters
56%
Snaresbrook
56%
South Woodford
56%
St. Paul's
56%
Temple
56%
Upminster
56%
Upminster Bridge
56%
Wanstead
56%
Wembley Park
56%
West Finchley
56%
Westminster
56%
West Ruislip
56%
Wimbledon
56%
Wood Green
56%
Angel
52%
Archway
52%
Balham
52%
Bank
52%
Barons Court
52%
Blackfriars
52%
Bond Street
52%
Borough
52%
Camden Town
52%
Canary Wharf
52%
Chigwell
52%
East Ham
52%
East Putney
52%
Elm Park
52%
Embankment
52%
Finchley Road
52%
Fulham Broadway
52%
Highgate
52%
Holland Park
52%
Holloway Road
52%
Knightsbridge
52%
Latimer Road
52%
Leicester Square
52%
Moorgate
52%
North Acton
52%
Northwick Park
52%
Old Street
52%
Pinner
52%
Preston Road
52%
Putney Bridge
52%
Regent's Park
52%
Roding Valley
52%
South Ealing
52%
South Harrow
52%
South Kenton
52%
South Ruislip
52%
South Wimbledon
52%
Stanmore
52%
Swiss Cottage
52%
Tooting Broadway
52%
Tottenham Hale
52%
Upney
52%
Upton Park
52%
Vaux Hall
52%
Westbourne Park
52%
West Ham
52%
West Hampstead
52%
West Harrow
52%
Bermondsey
48%
Blackhorse Road
48%
Clapham Common
48%
Clapham North
48%
Clapham South
48%
Euston
48%
Gloucester Road
48%
Grange Hill
48%
Hampstead
48%
Harrow & Wealdstone
48%
Hatton Cross
48%
Kensington (Olympia)
48%
Mill Hill East
48%
Northfields
48%
North Harrow
48%
North Wembley
48%
Osterley
48%
Redbridge
48%
Rickmansworth
48%
Ruislip Gardens
48%
Southfields
48%
Southgate
48%
Stockwell
48%
Uxbridge
48%
Victoria
48%
Wimbledon Park
48%
5
44%
Acton Town
44%
Aldgate East
44%
Bayswater
44%
Cannon Street
44%
Canons Park
44%
Chalfont & Latimer
44%
Chalk Farm
44%
Dollis Hill
44%
Earl's Court
44%
Euston Square
44%
Goldhawk Road
44%
Greenford
44%
Hanger Lane
44%
Heathrow Terminals 4
44%
High Barnet
44%
Highbury & Islington
44%
Kentish Town
44%
Mansion House
44%
Marble Arch
44%
Northolt
44%
Perivale
44%
Ruislip Manor
44%
South Kensington
44%
Southwark
44%
Sudbury Hill
44%
Theydon Bois
44%
Tooting Bec
44%
Totteridge & Whetstone
44%
Walthamstow Central
44%
Warren Street
44%
Warwick Avenue
44%
West Kensington
44%
Belsize Park
41%
Bounds Green
41%
Bow Road
41%
Dagenham East
41%
Ealing Common
41%
Gants Hill
41%
Goodge Street
41%
Great Portland Street
41%
Green Park
41%
Heathrow Terminals 1, 2, 3
41%
Hillingdon
41%
Hyde Park Corner
41%
Manor House
41%
Newbury Park
41%
North Ealing
41%
North Greenwich
41%
Russell Square
41%
St. John's Wood
41%
Sudbury Town
41%
Tower Hill
41%
Wembley Central
41%
West Brompton
41%
Woodside Park
41%
Canning Town
37%
Harrow-on-the-Hill
37%
Hendon Central
37%
High Street Kensington
37%
Kensal Green
37%
Moor Park
37%
Stratford
37%
Tottenham Court Road
37%
Tufnell Park
37%
White City
37%
Wood Lane
37%
Boston Manor
33%
Chiswick Park
33%
Covent Garden
33%
Finsbury Park
33%
Hounslow Central
33%
Northwood Hills
33%
Shepherd's Bush
33%
Shepherd's Bush Market
33%
Stamford Brook
33%
Whitechapel
33%
Willesden Junction
33%
Bethnal Green
30%
Chancery Lane
30%
Finchley Central
30%
Golders Green
30%
Harlesden
30%
Holborn
30%
Ladbroke Grove
30%
Parsons Green
30%
St. James Park
30%
Turnpike Lane
30%
Willesden Green
30%
Arnos Grove
26%
Buckhurst Hill
26%
Stepney Green
26%
Turnham Green
26%
Rayners Lane
22%
No matching quizzes found
Score Distribution
Percent of People with Each Score
Percentile by Number Answered
Your Score History
You have not taken this quiz